<?xml version="1.0" encoding="UTF-8"?>
<collection xmlns="http://www.loc.gov/MARC21/slim">
 <record>
  <leader>01783nam a22002657a 4500</leader>
  <controlfield tag="001">NCT_63746</controlfield>
  <controlfield tag="008">190420b        xxu||||| |||| 00| 0 vie d</controlfield>
  <datafield tag="999" ind1=" " ind2=" ">
   <subfield code="c">3083</subfield>
   <subfield code="d">3083</subfield>
  </datafield>
  <datafield tag="020" ind1=" " ind2=" ">
   <subfield code="a">9786048224387</subfield>
   <subfield code="c">76000</subfield>
  </datafield>
  <datafield tag="082" ind1="0" ind2="4">
   <subfield code="2">23rd ed.</subfield>
   <subfield code="a">604.20711</subfield>
   <subfield code="b">H103</subfield>
  </datafield>
  <datafield tag="100" ind1="1" ind2=" ">
   <subfield code="a">Trần Hồng Hải</subfield>
   <subfield code="e">Chủ biên</subfield>
  </datafield>
  <datafield tag="245" ind1="1" ind2="0">
   <subfield code="a">Giáo trình hình họa vẽ kỹ thuật</subfield>
   <subfield code="c">Trần Hồng Hải (chủ biên) ; Thạc Thu Hiền, Lê Thị Thanh Hằng, ...</subfield>
  </datafield>
  <datafield tag="260" ind1=" " ind2=" ">
   <subfield code="a">H.</subfield>
   <subfield code="b">Xây dựng</subfield>
   <subfield code="c">2018</subfield>
  </datafield>
  <datafield tag="300" ind1=" " ind2=" ">
   <subfield code="a">131 tr.</subfield>
   <subfield code="b">Hình vẽ</subfield>
   <subfield code="c">27cm</subfield>
  </datafield>
  <datafield tag="520" ind1="3" ind2=" ">
   <subfield code="a">Sách trình bày tổng quan một cách ngắn ngọn những kiến thức Hình học họa hình và Vẽ kỹ thuật nhằm giúp người học tiếp cận và nắm vững môn học thuận lợi hơn.</subfield>
  </datafield>
  <datafield tag="653" ind1=" " ind2=" ">
   <subfield code="a">Kiến trúc</subfield>
  </datafield>
  <datafield tag="700" ind1="1" ind2=" ">
   <subfield code="a">Thạc Thu Hiền</subfield>
  </datafield>
  <datafield tag="700" ind1="1" ind2=" ">
   <subfield code="a">Lê Thị Thanh Hằng</subfield>
  </datafield>
  <datafield tag="942" ind1=" " ind2=" ">
   <subfield code="2">ddc</subfield>
   <subfield code="c">BK</subfield>
  </datafield>
  <datafield tag="952" ind1=" " ind2=" ">
   <subfield code="0">0</subfield>
   <subfield code="1">0</subfield>
   <subfield code="2">ddc</subfield>
   <subfield code="4">0</subfield>
   <subfield code="6">604_207110000000000_H103</subfield>
   <subfield code="7">0</subfield>
   <subfield code="9">16750</subfield>
   <subfield code="a">000001</subfield>
   <subfield code="b">000001</subfield>
   <subfield code="d">2019-04-20</subfield>
   <subfield code="o">604.20711 H103</subfield>
   <subfield code="p">MD.15236</subfield>
   <subfield code="r">2019-04-20</subfield>
   <subfield code="v">76000.00</subfield>
   <subfield code="w">2019-04-20</subfield>
   <subfield code="y">BK</subfield>
  </datafield>
  <datafield tag="952" ind1=" " ind2=" ">
   <subfield code="0">0</subfield>
   <subfield code="1">0</subfield>
   <subfield code="2">ddc</subfield>
   <subfield code="4">0</subfield>
   <subfield code="6">604_207110000000000_H103</subfield>
   <subfield code="7">0</subfield>
   <subfield code="9">16751</subfield>
   <subfield code="a">000001</subfield>
   <subfield code="b">000001</subfield>
   <subfield code="d">2019-04-20</subfield>
   <subfield code="l">1</subfield>
   <subfield code="o">604.20711 H103</subfield>
   <subfield code="p">MD.15237</subfield>
   <subfield code="r">2020-10-28</subfield>
   <subfield code="s">2020-10-22</subfield>
   <subfield code="v">76000.00</subfield>
   <subfield code="w">2019-04-20</subfield>
   <subfield code="y">BK</subfield>
  </datafield>
  <datafield tag="952" ind1=" " ind2=" ">
   <subfield code="0">0</subfield>
   <subfield code="1">0</subfield>
   <subfield code="2">ddc</subfield>
   <subfield code="4">0</subfield>
   <subfield code="6">604_207110000000000_H103</subfield>
   <subfield code="7">0</subfield>
   <subfield code="9">16752</subfield>
   <subfield code="a">000001</subfield>
   <subfield code="b">000001</subfield>
   <subfield code="d">2019-04-20</subfield>
   <subfield code="o">604.20711 H103</subfield>
   <subfield code="p">MD.15238</subfield>
   <subfield code="r">2019-04-20</subfield>
   <subfield code="v">76000.00</subfield>
   <subfield code="w">2019-04-20</subfield>
   <subfield code="y">BK</subfield>
  </datafield>
  <datafield tag="952" ind1=" " ind2=" ">
   <subfield code="0">0</subfield>
   <subfield code="1">0</subfield>
   <subfield code="2">ddc</subfield>
   <subfield code="4">0</subfield>
   <subfield code="6">604_207110000000000_H103</subfield>
   <subfield code="7">0</subfield>
   <subfield code="9">16753</subfield>
   <subfield code="a">000001</subfield>
   <subfield code="b">000001</subfield>
   <subfield code="d">2019-04-20</subfield>
   <subfield code="o">604.20711 H103</subfield>
   <subfield code="p">MD.15239</subfield>
   <subfield code="r">2019-04-20</subfield>
   <subfield code="v">76000.00</subfield>
   <subfield code="w">2019-04-20</subfield>
   <subfield code="y">BK</subfield>
  </datafield>
  <datafield tag="952" ind1=" " ind2=" ">
   <subfield code="0">0</subfield>
   <subfield code="1">0</subfield>
   <subfield code="2">ddc</subfield>
   <subfield code="4">0</subfield>
   <subfield code="6">604_207110000000000_H103</subfield>
   <subfield code="7">0</subfield>
   <subfield code="9">16754</subfield>
   <subfield code="a">000001</subfield>
   <subfield code="b">000001</subfield>
   <subfield code="d">2019-04-20</subfield>
   <subfield code="o">604.20711 H103</subfield>
   <subfield code="p">MD.15240</subfield>
   <subfield code="r">2019-04-20</subfield>
   <subfield code="v">76000.00</subfield>
   <subfield code="w">2019-04-20</subfield>
   <subfield code="y">BK</subfield>
  </datafield>
  <datafield tag="980" ind1=" " ind2=" ">
   <subfield code="a">Thư viện Trường Đại học Nam Cần Thơ</subfield>
  </datafield>
 </record>
</collection>
